000
00339nam a2200121Ia 4500
008
230724s1989 xx und d
020
_a
9780000000000
041
_a
eng
100
_a
MUMFORD L.
245
_a
THE CITY IN HISTORY, ITS ORIGINS ITS TRANSFORMATION AND PROSPECTS.
260
_b
HARCOURT PRIVATE LIMITED
_c
1989
300
_a
657
999
_c
1175660
_d
1175660